| 000 | 01225nam0a2200325 4500 | ||
|---|---|---|---|
| 001 | RU\NLR\BIBL_A\012020674 | ||
| 005 | 20190605171518.0 | ||
| 010 |
_a978-5-00131-080-8 _93000 |
||
| 021 |
_aRU _bКН-П-19-032032 _9КН-П-19-2383 |
||
| 035 | _a(NLR Aleph) 012020674 | ||
| 035 | _a(RuMoRGB)009968231 | ||
| 090 |
_a11499771 _c11499771 |
||
| 100 | _a20190523d2019 u y0rusy50 ca | ||
| 101 | 1 |
_arus _ceng |
|
| 102 | _aRU | ||
| 105 | _aac||z|||000zy | ||
| 200 | 1 |
_aАнтимамочка _eреальное материнство _fСара Тернер _g[перевод с английского Е. Колябиной] |
|
| 210 |
_aМосква _cСиндбад _d2019 |
||
| 215 |
_a348, [2] с. _cил., портр. _d21 |
||
| 225 | 1 | _aМировые родители | |
| 333 | _a12+ | ||
| 606 | 1 |
_aМатеринство _xСоциально-психологические исследования _92113147 _3RU\NLR\AUTH\661276879 |
|
| 686 | 1 | _aС550.535 | |
| 686 | 1 | _aЮ937.31 | |
| 700 | 1 |
_7ca _8rus _aТернер _bС. _f1987- _gСара _92694833 _3RU\NLR\AUTH\770289314 |
|
| 942 | _cBOOK | ||
| 980 | _aNBR | ||
| 980 | _aNB | ||